Odmeňovanie práce nadčas
Odmena za prácu nadčas. Dohoda Medzinárodnej organizácie práce. Zvýhodnenie za prácu nadčas.
Saved in:
| Main Author: | |
|---|---|
| Format: | Book Chapter |
| Language: | Slovak |
| Subjects: | |
| Tags: |
No Tags, Be the first to tag this record!
|
MARC
| LEADER | 00000naa a2200000 4500 | ||
|---|---|---|---|
| 001 | r018531 | ||
| 005 | 20221213100140.7 | ||
| 041 | 0 | |a slo | |
| 044 | |a SK | ||
| 245 | 1 | 0 | |a Odmeňovanie práce nadčas |c Anna Seidlerová |
| 520 | |a Odmena za prácu nadčas. Dohoda Medzinárodnej organizácie práce. Zvýhodnenie za prácu nadčas. | ||
| 610 | 2 | 0 | |a mzdy |
| 610 | 2 | 0 | |a odmeny |
| 610 | 2 | 0 | |a práca nadčasová |
| 610 | 2 | 0 | |a MOP |
| 100 | 1 | |a Seidlerová, Anna | |